000
00323nam a22001577a 4500
003
OSt
020
_a
NA
040
_c
0
082
_2
22
_a
629.8
100
_a
Rohrs Charles E.
245
_a
Linear control systems /
260
_a
MGH,
_b
MGH,
300
_a
195 p, ;
_b
NA
_c
24cm.
942
_2
ddc
_c
CIVIL
999
_c
2476
_d
2476
999
_c
2657
_d
2657